Statistics for The Band Perry Charting Songs (Billboard Hot 100)

Click here to take the quiz!

General Stats

  • This quiz has been taken 3 times
  • The average score is 2 of 8

Answer Stats

AlbumWeeks OnPeakArtist(s)Song% Correct
The Band Perry53 Weeks#14The Band PerryIf I Die Young
100%
The Band Perry20 Weeks#42The Band PerryYou Lie
50%
Pioneer9 Weeks#86The Band PerryChainsaw
50%
Pioneer20 Weeks#28The Band PerryBetter Dig Two
0%
The Band Perry23 Weeks#37The Band PerryAll Your Life
0%
Pioneer20 Weeks#43The Band PerryDONE.
0%
Pioneer16 Weeks#59The Band PerryDon't Let Me Be Lonely
0%
The Band Perry17 Weeks#60The Band PerryPostcard from Paris
0%

Score Distribution

Percentile by Number Answered

Percent of People with Each Score

Your Score History

You have not taken this quiz